<?xml version="1.0" encoding="UTF-8"?><?xml-stylesheet type="text/xsl" href="static/style.xsl"?><OAI-PMH xmlns="http://www.openarchives.org/OAI/2.0/" xmlns:xsi="http://www.w3.org/2001/XMLSchema-instance" xsi:schemaLocation="http://www.openarchives.org/OAI/2.0/ http://www.openarchives.org/OAI/2.0/OAI-PMH.xsd"><responseDate>2026-04-13T07:07:50Z</responseDate><request verb="GetRecord" identifier="oai:www.recercat.cat:10256/18679" metadataPrefix="marc">https://recercat.cat/oai/request</request><GetRecord><record><header><identifier>oai:recercat.cat:10256/18679</identifier><datestamp>2024-06-18T12:12:12Z</datestamp><setSpec>com_2072_452955</setSpec><setSpec>com_2072_2054</setSpec><setSpec>col_2072_452961</setSpec></header><metadata><record xmlns="http://www.loc.gov/MARC21/slim" xmlns:dcterms="http://purl.org/dc/terms/" xmlns:xsi="http://www.w3.org/2001/XMLSchema-instance" xmlns:doc="http://www.lyncode.com/xoai" xsi:schemaLocation="http://www.loc.gov/MARC21/slim http://www.loc.gov/standards/marcxml/schema/MARC21slim.xsd">
   <leader>00925njm 22002777a 4500</leader>
   <datafield ind2=" " ind1=" " tag="042">
      <subfield code="a">dc</subfield>
   </datafield>
   <datafield ind2=" " ind1=" " tag="720">
      <subfield code="a">Alsina, Àngel</subfield>
      <subfield code="e">author</subfield>
   </datafield>
   <datafield ind2=" " ind1=" " tag="260">
      <subfield code="c">2020-11-10</subfield>
   </datafield>
   <datafield ind2=" " ind1=" " tag="520">
      <subfield code="a">Five productive practices are described to promote process-based mathematics teaching; i.e. teaching based on thinking and doing. Assuming that "productive practices" in mathematics education are educational actions or skills that are useful for promoting meaningful mathematics learning at all levels, we consider five practices associated with the real tools that mathematics offers us to achieve this goal: thinking, arguing, communicating, connecting and representing. We conclude that these productive practices present challenges and opportunities for transforming content-based practice focused on memorising definitions and procedures</subfield>
   </datafield>
   <datafield ind2=" " ind1=" " tag="520">
      <subfield code="a">Se describen cinco prácticas productivas para promover la enseñanza de las matemáticas a través de los procesos, es decir, una enseñanza basada en pensar y hacer. Asumiendo que una ‘práctica productiva’ en educación matemática es una acción o destreza educativa útil y provechosa para promover el aprendizaje de las matemáticas con sentido en todos los niveles, se consideran cinco prácticas asociadas a las herramientas que nos proporcionan las matemáticas para lograr este propósito: pensar, argumentar, comunicar, conectar y representar. Se concluye que estas prácticas productivas son una oportunidad y un desafío para transformar las prácticas centradas en los contenidos, basadas en memorizar definiciones y procedimientos</subfield>
   </datafield>
   <datafield ind2=" " ind1=" " tag="520">
      <subfield code="a">FEDER/Ministerio de Ciencia,&#xd;
Innovación y Universidades – Agencia Estatal de&#xd;
Investigación/ Proyecto EDU2017-84979-R</subfield>
   </datafield>
   <datafield ind1="8" ind2=" " tag="024">
      <subfield code="a">http://hdl.handle.net/10256/18679</subfield>
   </datafield>
   <datafield tag="653" ind2=" " ind1=" ">
      <subfield code="a">Matemàtica -- Ensenyament</subfield>
   </datafield>
   <datafield tag="653" ind2=" " ind1=" ">
      <subfield code="a">Mathematics -- Study and teaching</subfield>
   </datafield>
   <datafield tag="653" ind2=" " ind1=" ">
      <subfield code="a">Didàctica</subfield>
   </datafield>
   <datafield tag="653" ind2=" " ind1=" ">
      <subfield code="a">Teaching</subfield>
   </datafield>
   <datafield ind2="0" ind1="0" tag="245">
      <subfield code="a">Cinco prácticas productivas para una enseñanza de las matemáticas a través de los procesos</subfield>
   </datafield>
</record></metadata></record></GetRecord></OAI-PMH>